Quiz o Lublińcu - Statystyki

Ogólne statystyki
  • Ten quiz został rozwiązany 3 razy
  • Średni wynik to 5 z 15
Statystyki odpowiedzi
Wskazówka Odpowiedź % Poprawnych
Powiat, którego miasto jest siedzibą Lubliniecki
100%
Województwo, w którym się znajduje Śląskie
100%
Droga ekspresowa przebiegająca przez miasto 11
50%
Mała Panew
50%
Zabór, do którego należał Rosyjski
50%
Tablice rejestracyjne SLU
50%
Rodzaj szpitala specjalistycznego znajdujący się w Lublińcu Szpital psychiatryczny
50%
Wiek założenia miasta XIII
50%
Burmistrz miasta Edward Maniura
0%
Oddział WP stacjonujący w mieście Jednostka Wojskowa Komandosów
0%
Park krajobrazowy położony blisko miasta Lasy nad Górną Liswartą
0%
Rzeki przepływające przez teren miasta Lublinica
0%
Nazwa miasta po śląsku Lublyńec
0%
Część woj. śląskiego za czasów II RP, do którego należał Lubliniec Śląsk {Biały}
0%
Nazwa miejscowego klubu piłkarskiego występującego w A - klasie Sparta Lubliniec
0%
Nie znaleziono quizów pasujących do podanych kryteriów
Rozkład punktacji
Procent ludzi z każdym wynikiem
Percentyl według liczby udzielonych odpowiedzi
Twoja historia wyników
Nie rozwiązałeś tego quizu